Tendencias a largo plazo del envejecimiento poblacional en América Latina

Wedi'i Gadw mewn:
Manylion Llyfryddiaeth
Fformat: Texto
Tagiau: Ychwanegu Tag
Dim Tagiau, Byddwch y cyntaf i dagio'r cofnod hwn!

MARC

LEADER 00000 a a2200000 04500
001 46282
003
040
245 |a Tendencias a largo plazo del envejecimiento poblacional en América Latina  
500 |a Indicadores de Costa Rica en las páginas 103 a la 106  
773 |g número12 ( , 2011), páginas 13-31 : gráficos  
999 |c 32569  |d 32569